| 000 | 01021nam a22003257a 4500 | ||
|---|---|---|---|
| 001 | 0011495 | ||
| 003 | KOHA_MİRAKIL | ||
| 005 | 20260207001819.0 | ||
| 007 | ta | ||
| 008 | 091214b1998 tu |||gr||||#0|||1|tur | | ||
| 020 |
_a9757463027 _c0,01 |
||
| 040 |
_aTR-BiSEU _btur _cTR-BiSEU _erda |
||
| 041 | 0 | _atur | |
| 044 | _ctu | ||
| 050 |
_aPE1475 _b.E35 1998 |
||
| 100 | 1 | _aEdis, Pamela. | |
| 245 | 1 |
_aTeknik ingilizce/ _cPamela Edis ; Pamela Edis. |
|
| 250 | _a4. baskı | ||
| 264 | 1 |
_aİstanbul : _bİTÜ Vakfı Yayınları _c1998 |
|
| 300 | _avii, 177 sayfa; 24 cm. | ||
| 336 |
_ametin _btxt _2rdacontent |
||
| 337 |
_aaracısız _bn _2rdamedia |
||
| 338 |
_acilt _bnc _2rdacarrier |
||
| 490 | 1 |
_aİstanbul Teknik Üniversitesi Vakfı yayınları ; _vno.2 |
|
| 650 | 0 |
_aEnglish language--Technical English. _911717 |
|
| 650 | 0 |
_aEnglish language--Textbooks for foreign speakers. _95137 |
|
| 830 | 1 |
_aİstanbul Teknik Üniversitesi Vakfı yayınları ; _vno.2 _928028 |
|
| 907 | _aDil | ||
| 942 |
_2lcc _cBK |
||
| 999 |
_c11464 _d11464 |
||